|
|
|
|
| LEADER |
00622nam a22001931a 4500 |
| 020 |
|
|
|a 9788120607484
|c 0.00
|
| 040 |
|
|
|a SSUS - Library - Kalady
|
| 082 |
|
|
|a 294.363
|b WOO/L
|
| 100 |
|
|
|a Woodville Rockhill W (tr.)
|
| 245 |
|
|
|a Life of the Buddha
|h [Text]
|
| 260 |
|
|
|a New Delhi
|b Asian Educational Services
|c 1992
|
| 300 |
|
|
|a 272p.
|
| 600 |
|
|
|a Buddha
|
| 600 |
|
|
|a Buddhism
|
| 600 |
|
|
|a Religion
|
| 852 |
|
|
|h 294.363
|i WOO/L
|p 023224
|9 265.00
|t 0
|
| 942 |
|
|
|c BK
|
| 999 |
|
|
|c 25750
|d 25750
|
| 952 |
|
|
|0 0
|1 0
|4 0
|6 294_363000000000000_WOO_L
|7 0
|9 36994
|a SSUS
|b SSUS
|d 2015-01-08
|g 265.00
|o 294.363 WOO/L
|p 023224
|r 2015-01-08
|v 0.00
|w 2015-01-08
|y BK
|